LEADER 01497nam 2200421 n 450 001 996383125703316 005 20221108040736.0 035 $a(CKB)1000000000595293 035 $a(EEBO)2248494407 035 $a(UnM)9928204900971 035 $a(UnM)99830202 035 $a(EXLCZ)991000000000595293 100 $a19950718d1685 uy | 101 0 $aeng 135 $aurbn||||a|bb| 200 10$aAnagram and acrostick$b[electronic resource] $eon His sacred Majesty, K. James II. Relating to the late triple conjuction of Saturn & Jupiter in Leo, which began in October 1682. and still continues 210 $a[London] $cPrinted byr N.T. at the entrance into Old Spring-garden near Charing-cross$d1685 215 $a1 sheet ([1] p.) 300 $aSigned at end of text: Robert Scamler, M.A. &c. 300 $aPlace of publication from Wing. 300 $aCopy cropped at head. 300 $aReproduction of the original at the Harvard University Library. 330 $aeebo-0062 606 $aAnagrams$vEarly works to 1800 606 $aAcrostics$vEarly works to 1800 607 $aGreat Britain$xHistory$yJames II, 1685-1688$vEarly works to 1800 615 0$aAnagrams 615 0$aAcrostics 700 $aScamler$b Robert$fb. 1653 or 4.$01012541 801 0$bCu-RivES 801 1$bCu-RivES 801 2$bUk-ES 801 2$bCStRLIN 801 2$bWaOLN 906 $aBOOK 912 $a996383125703316 996 $aAnagram and acrostick$92399361 997 $aUNISA LEADER 01181nam0 22002891i 450 001 990004871310403321 005 20230608123612.0 035 $a000487131 100 $a19990604g19661968km-y0itay50------ba 101 0 $aspa 102 $aMX 105 $af-------001yy 200 1 $aObras completas$fManuel Azaña 210 $aMexico$cOasis$d1966-1968 215 $av., tav.$d24 cm 327 0 $a1.: Una politica ; En el poder y en la oposición$a2.: Escritos juveniles ; De historia y politica francesa y espanòla ; Creación literaria ; Critica literaria$a3.: La recuperación del ideal repiblicano ; La guerra de Espana y su significado ; Textos miscelàneos ; Escritor juveniles y cartas familiares ; diarios intimos y cuadernillos de apuntes$a4.: Memorias politicas y de guerra 700 1$aAzaña,$bManuel$0401266 801 0$aIT$bUNINA$gRICA$2UNIMARC 901 $aBK 912 $a990004871310403321 952 $aPX AZ 10 (1)$bIst.f.m.15188$fFLFBC 952 $aPX AZ 10 (2)$bIst.f.m.15188$fFLFBC 952 $aPX AZ 10 (3)$bIst.f.m.15188$fFLFBC 952 $aPX AZ 10 (4)$bIst.f.m.15188$fFLFBC 959 $aFLFBC 996 $aObras completas$9522290 997 $aUNINA LEADER 01757nas 2200385 n 450 001 990008886720403321 005 20240229084548.0 011 $a1043-4526 035 $a000888672 035 $aFED01000888672 035 $a(Aleph)000888672FED01 035 $a000888672 091 $2CNR$aP 00200176 100 $a20161109a19899999km-y0itaa50------ba 101 0 $aeng 102 $aUS 110 $aauu-------- 200 1 $aAdvances in food and nutrition research 207 1$a1989- 210 $aSan Diego$cAcademic Press 430 0$1001000888673$12001$aAdvances in food research 452 0$12001$aAdvances in food and nutrition research (On line) 530 0 $aAdvances in food and nutrition research 531 $aADV. FOOD NUTR. RES. 676 $a664.005 801 0$aIT$bACNP$c20090723 859 4 $uhttp://acnp.cib.unibo.it/cgi-ser/start/it/cnr/dc-p1.tcl?catno=967536&person=false&language=ITALIANO&libr=&libr_th=unina1$zBiblioteche che possiedono il periodico 901 $aSE 912 $a990008886720403321 958 $aBiblioteca di Igiene e medicina preventiva. Dipartimento di Scienze mediche preventive. Università degli studi di Napoli Federico II$b1989-1992;1995;$e2 C$fDMIGI 959 $aDMIGI 996 $aAdvances in food and nutrition research$9802474 997 $aUNINA AP1 8 $6866-01$aNA111 Biblioteca di Igiene e medicina preventiva. Dipartimento di Scienze mediche preventive. Università degli studi di Napoli Federico II$b2 C$eVia Pansini,5 - Edif. 19 (piano terra), Napoli (NA)$m(081) 7463026$nit AP2 40$aacnp.cib.unibo.it$nACNP Italian Union Catalogue of Serials$uhttp://acnp.cib.unibo.it/cgi-ser/start/it/cnr/df-p.tcl?catno=967536&language=ITALIANO&libr=&person=&B=1&libr_th=unina&proposto=NO